Où est la vraie vie ? (Reprise) Complétez les paroles - Raiponce - Statistiques

Statistiques générales
  • Ce quiz a été pris 120 fois
  • Le résultat moyen est 34 sur 87
Statistiques - réponses
Paroles % Correct
je
92%
je
92%
Je
92%
je
92%
je
92%
je
92%
Je
92%
de
83%
de
83%
de
83%
de
83%
de
83%
de
83%
me
80%
me
80%
la
67%
la
67%
la
67%
la
67%
et
63%
Et
63%
vie
58%
vraie
57%
54%
est
51%
il
51%
ça
39%
le
37%
le
37%
le
37%
Le
37%
à
34%
suis
31%
suis
31%
dans
30%
Cette
28%
ai
27%
J'ai
27%
les
27%
comme
26%
l'herbe
26%
liberté
26%
mon
26%
sens
26%
si
26%
si
26%
brise
24%
c'est
24%
découvre
24%
enfin
24%
m'appeler
24%
première
24%
rêvés
24%
sautiller
24%
terre
24%
comment
23%
droit
23%
l'entends
23%
qu'à
23%
Non
22%
Nous
22%
soleil
22%
y
22%
allons
21%
faufiler
21%
mi-chemin
21%
plus
21%
Regarde
21%
sauter
21%
danser
20%
destin
20%
vaste
20%
n'ai
19%
sourit
19%
suivre
19%
m'envoler
18%
monde
18%
nager
18%
oserais-je
18%
Voici
18%
devrais-je
17%
proche
17%
chasser
16%
décoller
16%
filer
16%
plonger
14%
Regarde-moi
11%
Aucun quiz correspondant
Distribution des résultats
% des personnes avec chaque résultat
Percentile par nombre de réponses
Votre historique - résultats
Vous n’avez pas pris ce quiz